| 000 | 00802nam a2200241 a 4500 | ||
|---|---|---|---|
| 005 | 20231102063545.0 | ||
| 008 | 991125s1981 mx 000 0 spa u | ||
| 020 | _a9682310369 | ||
| 035 | _aUPN01000039224 | ||
| 049 | _aCG | ||
| 050 | 4 |
_aHC135 _bC67.4 1981 |
|
| 100 | 1 |
_aTello Díaz, Carlos, _d1962- _932156 |
|
| 245 | 1 | 0 |
_aMéxico, la disputa por la nación : _bperspectivas y opciones del desarrollo / _cpor Rolando Cordera y Carlos Tello. |
| 250 | _a2a ed. | ||
| 260 |
_aMéxico : _bSiglo XXI, _c1981. |
||
| 300 | _a149 p. | ||
| 440 | 0 | _aSociología y política | |
| 590 | _aBibliografía Básica (BGTQ) | ||
| 590 | _a(También localizas un ejemplar en el "Area de Reserva") | ||
| 651 | 4 |
_aMéxico _xPolítica económica _97138 |
|
| 651 | 4 |
_aMéxico _xPolítica social _96687 |
|
| 905 | _aLibro | ||
| 999 |
_c39224 _d39224 |
||